000 01032nam a2200289 i 4500
001 197796
003 ES-MaACL
005 20250904063114.0
008 223121b2021 sp ||||| |||| 00| 0 spa d
020 _a9788417300708
040 _bspa
_cES-MaACL
100 1 _aMansilla Izquierdo, Fernando
_9241745
_eaut
245 _aApagada voz /
_cFernando Mansilla Izquierdo.
250 _aPrimera edición: enero 2021
260 _aMadrid :
_bEdiciones Lacre,
_c2021.
300 _a35 páginas ;
_b20 cm .
336 _2rdacontent
_atexto
337 _2rdamedia
_asin mediación
338 _2rdacarrier
_avolumen
655 7 _2tgfbne
_9176539
_aPoesías
852 _aES-MaACL
_cDEPOJ
_jN-10639
_xEncuadernación rústica con solapas
_9206762
_hDonación: Editorial
903 _9241745
_aMansilla Izquierdo, Fernando
_ednr
942 _cMONOGRAFIA
_n0
999 _c197796
_d197796